| 000 | 00372nam a2200121Ia 4500 | ||
|---|---|---|---|
| 008 | 231228s1997 xx 000 0 und d | ||
| 041 | _aeng | ||
| 082 |
_a658.3 _bVEN |
||
| 100 | _aVENKATRANAM (C.S.)/ SRIVASTVA (B.K.) | ||
| 245 | _aPersonel Management and Human Resource | ||
| 260 |
_aNew Delhi _bTata McGraw-Hil Publication Company Limited . Delhi _c1997 |
||
| 300 | _a348 | ||
| 999 |
_c1080927 _d1080927 |
||